Régió, nemzet, mentalitás. Beszélgetés dr. Miodrag Milin történésszel
Elmentve itt :
| Szerző: | |
|---|---|
| Adatforrás: | Meister |
| Forrásdokumentuma: | A Hét. - 43 sz., 1991, 3 p. |
| Nyelv: | magyar |
| Kulcsszavak: | mentalitástörténet-interjú kisebbségtörténet-interjú határ román-szerb kapcsolatok ortodoxia Kelet-Európa Bánság MILIN Miodrag |
| LEADER | 00597nab a2200205 i 4500 | ||
|---|---|---|---|
| 001 | bibPRO00005163 | ||
| 008 | 060524s1991 xx hun | ||
| 040 | |a Sz1 | ||
| 041 | |a hun | ||
| 100 | 1 | |a BAKK Miklós | |
| 245 | 1 | 0 | |a Régió, nemzet, mentalitás. Beszélgetés dr. Miodrag Milin történésszel |c BAKK Miklós |
| 695 | |a mentalitástörténet-interjú | ||
| 695 | |a kisebbségtörténet-interjú | ||
| 695 | |a határ | ||
| 695 | |a román-szerb kapcsolatok | ||
| 695 | |a ortodoxia | ||
| 695 | |a Kelet-Európa | ||
| 695 | |a Bánság | ||
| 695 | |a MILIN Miodrag | ||
| 773 | 0 | |t A Hét. - |g 43 sz., 1991, 3 p. | |